Živnostenský zákon Komentář. Zákon č. 455/1991 Sb., o živnostenském podnikání
Gespeichert in:
| 1. Verfasser: | |
|---|---|
| Format: | Buch |
| Sprache: | Tschechisch |
| Veröffentlicht: |
Davle
Prisvich
1992
|
| Ausgabe: | 1. vyd. |
| Schriftenreihe: | Sám sobě rádcem
|
| Schlagworte: | |
| Tags: |
Keine Tags, Fügen Sie das erste Tag hinzu!
|
MARC
| LEADER | 00000nam a2200000 4500 | ||
|---|---|---|---|
| 001 | c000929 | ||
| 005 | 20221214091143.8 | ||
| 020 | |a 80-900888-7-2 | ||
| 041 | 0 | |a cze | |
| 044 | |a CZ | ||
| 245 | 1 | 0 | |a Živnostenský zákon |b Komentář. Zákon č. 455/1991 Sb., o živnostenském podnikání |c Ladislav Vich |
| 250 | |a 1. vyd. | ||
| 264 | 1 | |a Davle |b Prisvich |c 1992 | |
| 300 | |a 71 s. | ||
| 490 | 1 | |a Sám sobě rádcem | |
| 830 | 0 | |a Sám sobě rádcem | |
| 610 | 2 | 0 | |a podnikanie súkromné |
| 610 | 2 | 0 | |a ČSFR |
| 610 | 2 | 0 | |a 1991 |
| 610 | 2 | 0 | |a koncesie |
| 610 | 2 | 0 | |a pokuty |
| 100 | 1 | |a Vich, Ladislav | |